000 00355nam a2200145Ia 4500
008 230525s9999 xx 000 0 und d
020 _a9780600030784
082 _a598.203
_bHAMP
100 _aHAMZAK,J.
245 0 _aPictorial encyclopedia of birds
260 _aNewyork
_bPaul Hamlyn
_c1976
300 _a581
650 _aBirds /Zoology
942 _cBK
999 _c2980
_d2980